00561nam a22001817a 450000500170000000800410001702000180005804000210007604100080009708200170010510000320012224500940015425000120024826000330026030000100029365000470030370000290035020250904075938.0250904b |||||||| |||| 00| 0 eng d a9789358494167 aIN-DiNCcIN-DiNC dasm a301.072bBHU aBhuyan, Dilip Kumareauthor aSamajtattwiya gabeshana paddhati-II (Major12)/cby Dilip Kumar Bhuyan and Prasanta Phukan a1st ed. aDibrugarh:bBanalata,c2025. a276p. aSociological research methods-II (Major12) aPhukan, Prasantaeauthor